Urban policies for ageing populations
Αποθηκεύτηκε σε:
| Συλλογικό Έργο: | , |
|---|---|
| Μορφή: | Βιβλίο |
| Γλώσσα: | English |
| Δημοσίευση: |
Paris :
Organisation for Economic Co-operation and Development,
c1992
|
| Θέματα: | |
| Ετικέτες: |
Προσθήκη ετικέτας
Δεν υπάρχουν, Καταχωρήστε ετικέτα πρώτοι!
|
MARC
| LEADER | 00000nam a2200000 i 4500 | ||
|---|---|---|---|
| 001 | 1/104409 | ||
| 008 | 950530s1992 eng d | ||
| 020 | |a 92-64-13758-0 | ||
| 035 | |l 10013249 | ||
| 040 | |a GR-MY-UA |b gre |e aacr | ||
| 041 | 0 | |a eng | |
| 082 | 0 | |a 362.6 | |
| 110 | 2 | |a Organisation for Economic Co-operation and Development |b Group on Urban Affairs. | |
| 245 | 1 | 0 | |a Urban policies for ageing populations |
| 260 | |a Paris : |b Organisation for Economic Co-operation and Development, |c c1992 | ||
| 300 | |a 159 p.; |b ill.; |c 23 cm | ||
| 500 | |a "This publication was prepared by the OECD Group on Urban Affairs"--Foreword | ||
| 504 | |a Includes bibliographical references | ||
| 650 | 0 | 0 | |a Older people |x Services for. |
| 650 | 0 | 0 | |a Older people |x Government policy. |
| 650 | 0 | 0 | |a Old age assistance. |
| 650 | 0 | 0 | |a Urban policy. |
| 710 | 2 | |a Organisation for Economic Co-operation and Development. | |
| 852 | |a INST |b LESVOS |e 19950530 |h 362.6 ORG |p 005100000356 |q 005100000356 |t BK |y 0 | ||
| 909 | |a Λ |b 024823 | ||